[Event "2MCR_3DE_2LA_2S"]
[Site "?"]
[Date "2007.??.??"]
[Round "?"]
[White "Docekal, Ales"]
[Black "Nosek, Jaroslav"]
[Result "1/2-1/2"]
[WhiteElo "1800"]
[BlackElo "2249"]
[Annotator "031"]
[PlyCount "62"]
[EventDate "2007.??.??"]
[EventType "corr"]
[EventRounds "2"]
[SourceDate "2007.01.28"]

1. e4 c5 2. Nf3 Nc6 3. d4 cxd4 4. Nxd4 Nf6 5. Nc3 e5 6. Ndb5 d6 7. Nd5 Nxd5 8.
exd5 Nb8 9. c4 Be7 10. Bd3 O-O 11. O-O Bd7 12. Qh5 f5 13. Bd2 e4 14. Be2 Be8
15. Qh3 Bf6 16. Rab1 a6 17. Qa3 Be5 18. Bc3 Bxb5 19. Bxe5 Bxc4 20. Bxc4 dxe5
21. d6+ Kh8 22. Bd5 Qd7 23. Rbc1 Nc6 24. Bxc6 bxc6 25. Rfd1 Rf6 26. Qc5 Rc8 27.
Qxe5 Rd8 28. h4 Rxd6 29. Rxd6 Qxd6 30. Qxf5 Qd5 31. Qg5 h6 1/2-1/2

[Event "2MCR_3DE_2LA_2S"]
[Site "?"]
[Date "2007.??.??"]
[Round "?"]
[White "Nosek, Jaroslav"]
[Black "Docekal, Ales"]
[Result "1/2-1/2"]
[WhiteElo "2249"]
[BlackElo "1800"]
[Annotator "032"]
[PlyCount "55"]
[EventDate "2007.??.??"]
[EventType "corr"]
[EventRounds "2"]
[SourceDate "2007.01.28"]

1. d4 d5 2. c4 e6 3. Nf3 Nf6 4. Nc3 Be7 5. Bf4 O-O 6. e3 Nbd7 7. c5 c6 8. h3
Ne4 9. Nxe4 dxe4 10. Ne5 Nxe5 11. Bxe5 f6 12. Bg3 e5 13. Bc4+ Kh8 14. O-O exd4
15. exd4 f5 16. Bf4 Bg5 17. Bd6 Be7 18. Be5 Bf6 19. Re1 b6 20. Rb1 bxc5 21.
Bxf6 Rxf6 22. dxc5 Qe7 23. b4 Be6 24. Qc2 Bxc4 25. Qxc4 Rg6 26. Rb3 Re8 27.
Rbe3 Rd8 28. a3 1/2-1/2

[Event "2MCR_3DE_2LA_1S"]
[Site "?"]
[Date "2007.??.??"]
[Round "?"]
[White "Makovsky, Petr"]
[Black "Korinek, Jaroslav"]
[Result "1-0"]
[WhiteElo "2317"]
[BlackElo "2000"]
[Annotator "007"]
[PlyCount "105"]
[EventDate "2007.??.??"]
[EventType "corr"]
[EventRounds "2"]
[SourceDate "2007.01.28"]

1. e4 c5 2. Nf3 Nc6 3. Nc3 d6 4. Bb5 e5 5. O-O Nf6 6. h3 Be7 7. d3 O-O 8. Bc4
Be6 9. Re1 Nd4 10. a4 h6 11. Bd2 Bxc4 12. dxc4 Qd7 13. Nh2 Rfe8 14. b3 Rac8 15.
Nd5 Nc6 16. Nf1 Kh7 17. Ng3 g6 18. Be3 Nxd5 19. cxd5 Nb8 20. Qe2 Kg7 21. Nf1
Bg5 22. Nd2 Bxe3 23. Qxe3 Qe7 24. Nc4 Nd7 25. Qc3 Rf8 26. Re2 Nb6 27. Ne3 Rfe8
28. Ree1 Nd7 29. Rad1 c4 30. Nxc4 Nb6 31. a5 Nxc4 32. bxc4 Rc5 33. Ra1 Qd7 34.
f4 Kg8 35. fxe5 Rxe5 36. Rab1 Qc7 37. Rb4 a6 38. Re3 Qxa5 39. Rxb7 Qxc3 40.
Rxc3 Rxe4 41. Rf3 f5 42. Rd7 Rexc4 43. Rxd6 Kf7 44. Rxa6 Rc3 45. Rxc3 Rxc3 46.
Rc6 Rxc6 47. dxc6 Ke6 48. Kf2 Kd6 49. Ke3 Kxc6 50. Kd4 Kd6 51. h4 g5 52. hxg5
hxg5 53. c4 1-0

[Event "2MCR_3DE_2LA_1S"]
[Site "?"]
[Date "2007.??.??"]
[Round "?"]
[White "Pauschek, Roman"]
[Black "Bubenicek, Miloslav"]
[Result "1-0"]
[WhiteElo "2165"]
[BlackElo "1805"]
[Annotator "008"]
[PlyCount "27"]
[EventDate "2007.??.??"]
[EventType "corr"]
[EventRounds "2"]
[SourceDate "2007.01.28"]

1. d4 d6 2. Nf3 g6 3. c4 f5 4. g3 Bg7 5. Nc3 Nf6 6. Bg2 O-O 7. O-O Be6 8. Qb3
Bc8 9. Rd1 e6 10. Ng5 c6 11. d5 cxd5 12. cxd5 e5 13. Ne6 Bxe6 14. dxe6 1-0

[Event "2MCR_3DE_2LA_1S"]
[Site "?"]
[Date "2007.??.??"]
[Round "?"]
[White "Makovsky, Petr"]
[Black "Brichacek, Milan"]
[Result "1-0"]
[WhiteElo "2317"]
[BlackElo "2215"]
[Annotator "009"]
[PlyCount "73"]
[EventDate "2007.??.??"]
[EventType "corr"]
[EventRounds "2"]
[SourceDate "2007.01.28"]

1. e4 c5 2. Nf3 d6 3. Nc3 Nf6 4. e5 dxe5 5. Nxe5 a6 6. a4 e6 7. d3 Qc7 8. Nc4
Nc6 9. g3 Be7 10. Bg2 O-O 11. O-O e5 12. Re1 Be6 13. Bxc6 Qxc6 14. Nxe5 Qc7 15.
Qf3 Rad8 16. Bf4 Bd6 17. Re2 Qb6 18. b3 Qb4 19. Bd2 Qd4 20. Rae1 Rb8 21. a5
Rfd8 22. Qg2 Bc7 23. Na4 Bd5 24. Qf1 Be6 25. Be3 Qb4 26. Nc4 Bxc4 27. Bxc5 Qxa5
28. dxc4 Nd7 29. Be7 Rdc8 30. Rd1 Ne5 31. Rd5 b5 32. c3 Nc6 33. Qe1 Re8 34. Nc5
h6 35. b4 Qa3 36. Nd7 Ra8 37. Bf6 1-0

[Event "2MCR_3DE_2LA_1S"]
[Site "?"]
[Date "2007.??.??"]
[Round "?"]
[White "Majstr, Jiri"]
[Black "Brichacek, Milan"]
[Result "0-1"]
[WhiteElo "2103"]
[BlackElo "2215"]
[Annotator "010"]
[PlyCount "58"]
[EventDate "2007.??.??"]
[EventType "corr"]
[EventRounds "2"]
[SourceDate "2007.01.28"]

1. e4 c5 2. Nf3 d6 3. d4 cxd4 4. Nxd4 Nf6 5. Nc3 a6 6. Be3 e5 7. Nb3 Be6 8. f3
Be7 9. Qd2 O-O 10. O-O-O Nbd7 11. g4 b5 12. g5 Nh5 13. Rg1 Qc7 14. Nd5 Bxd5 15.
Qxd5 Nb6 16. Qd2 Rac8 17. Kb1 Nc4 18. Bxc4 bxc4 19. Nc1 c3 20. Qxc3 Qxc3 21.
bxc3 Rxc3 22. Rd3 Rb8+ 23. Nb3 Rbc8 24. Rg2 f6 25. gxf6 Nxf6 26. Bh6 Nh5 27.
Kb2 R3c6 28. Be3 Bd8 29. Na5 Bxa5 0-1

[Event "2MCR_3DE_2LA_3S"]
[Site "?"]
[Date "2007.??.??"]
[Round "?"]
[White "Tunega, Frantisek"]
[Black "Zednik, Martin"]
[Result "1-0"]
[WhiteElo "1800"]
[BlackElo "2076"]
[Annotator "032"]
[PlyCount "93"]
[EventDate "2007.??.??"]
[EventType "corr"]
[EventRounds "2"]
[SourceDate "2007.01.28"]

1. e4 e5 2. Nf3 Nc6 3. c3 d5 4. Qa4 f6 5. Bb5 Nge7 6. exd5 Qxd5 7. d4 Bg4 8. c4
Qe4+ 9. Be3 Bxf3 10. Nd2 Qg6 11. gxf3 exd4 12. Bxd4 a6 13. O-O-O O-O-O 14. Nb3
Nb8 15. Be3 Rxd1+ 16. Rxd1 axb5 17. Qa8 b6 18. cxb5 Qf5 19. Nd4 Qc5+ 20. Kb1
Qc4 21. Bf4 Qd5 22. Qa4 g6 23. Bxc7 Kxc7 24. Qa7+ Kd6 25. Nf5+ Ke5 26. Rxd5+
Nxd5 27. Ne3 Bc5 28. Nxd5 Kxd5 29. Qf7+ Ke5 30. b4 Bd4 31. Qg7 Re8 32. Qc7+ Kd5
33. Qf7+ Re6 34. Qb7+ Kc4 35. Qc8+ Kd5 36. Qxb8 Bxf2 37. Qd8+ Kc4 38. Qc8+ Kd5
39. Qd7+ Rd6 40. Qxh7 Ke6 41. Qg8+ Ke7 42. Qxg6 Rd4 43. a3 Be3 44. Kc2 Bg5 45.
Kc3 Rf4 46. Qg7+ Ke6 47. Qb7 1-0

[Event "2MCR_3DE_2LA_1S"]
[Site "?"]
[Date "2007.??.??"]
[Round "?"]
[White "Dedina, Miroslav"]
[Black "Binas, Jindrich"]
[Result "1-0"]
[WhiteElo "2165"]
[BlackElo "2021"]
[Annotator "011"]
[PlyCount "53"]
[EventDate "2007.??.??"]
[EventType "corr"]
[EventRounds "2"]
[SourceDate "2007.01.28"]

1. e4 c5 2. Nf3 d6 3. d4 cxd4 4. Nxd4 Nf6 5. Nc3 g6 6. Be3 Bg7 7. f3 O-O 8. Qd2
Nc6 9. O-O-O d5 10. exd5 Nxd5 11. Nxc6 bxc6 12. Nxd5 cxd5 13. Qxd5 Qc7 14. Qc5
Qb7 15. Qa3 Rb8 16. c3 Bf5 17. Ba6 Qc6 18. Bd3 Qd5 19. Bc2 Qe5 20. Qc5 Qe6 21.
Bxf5 gxf5 22. Bf4 Rb6 23. Qd5 Qe2 24. Qd2 Qa6 25. Kb1 Rc8 26. Rc1 Rb5 27. Rhd1
1-0

[Event "2MCR_3DE_2LA_1S"]
[Site "?"]
[Date "2007.??.??"]
[Round "?"]
[White "Dedina, Miroslav"]
[Black "Bubenicek, Miloslav"]
[Result "1-0"]
[WhiteElo "2165"]
[BlackElo "1805"]
[Annotator "012"]
[PlyCount "29"]
[EventDate "2007.??.??"]
[EventType "corr"]
[EventRounds "2"]
[SourceDate "2007.01.28"]

1. e4 d6 2. d4 Nf6 3. Nc3 g6 4. Be3 Bg7 5. Qd2 O-O 6. f3 c6 7. g4 b5 8. h4 b4
9. Nce2 a5 10. h5 Be6 11. Bh6 Nbd7 12. Bxg7 Kxg7 13. hxg6 fxg6 14. Qh6+ Kf7 15.
Nf4 1-0

[Event "2MCR_3DE_2LA_1S"]
[Site "?"]
[Date "2007.??.??"]
[Round "?"]
[White "Makovsky, Petr"]
[Black "Pauschek, Roman"]
[Result "1-0"]
[WhiteElo "2317"]
[BlackElo "2165"]
[Annotator "013"]
[PlyCount "73"]
[EventDate "2007.??.??"]
[EventType "corr"]
[EventRounds "2"]
[SourceDate "2007.01.28"]

1. e4 e5 2. Nf3 Nc6 3. Bc4 Nf6 4. Ng5 d5 5. exd5 Na5 6. Bb5+ c6 7. dxc6 bxc6 8.
Be2 h6 9. Nf3 e4 10. Ne5 Bd6 11. d4 exd3 12. Nxd3 Qc7 13. b3 O-O 14. Bb2 Nd5
15. Nc3 Nxc3 16. Bxc3 Nb7 17. h3 Bf5 18. O-O Rad8 19. Qd2 Be4 20. Rae1 Rfe8 21.
Bh5 Re7 22. Re2 Rde8 23. Rfe1 c5 24. f4 c4 25. Ne5 Bc5+ 26. Kh2 Rd8 27. Qc1 Bf5
28. Nxc4 Rxe2 29. Rxe2 f6 30. Bf3 Kh7 31. g4 Bd7 32. Kg3 Bb5 33. Qe1 Rf8 34.
Bb4 Bxc4 35. bxc4 Nd6 36. Re6 Rd8 37. Bc3 1-0

[Event "2MCR_3DE_2LA_1S"]
[Site "?"]
[Date "2007.??.??"]
[Round "?"]
[White "Pauschek, Roman"]
[Black "Makovsky, Petr"]
[Result "0-1"]
[WhiteElo "2165"]
[BlackElo "2317"]
[Annotator "014"]
[PlyCount "72"]
[EventDate "2007.??.??"]
[EventType "corr"]
[EventRounds "2"]
[SourceDate "2007.01.28"]

1. d4 Nf6 2. c4 e6 3. Nc3 Bb4 4. Qc2 d5 5. cxd5 Qxd5 6. Nf3 Qf5 7. Qxf5 exf5 8.
a3 Be7 9. Bf4 c6 10. e3 Nbd7 11. Bd3 Nb6 12. O-O Be6 13. Rac1 Nfd5 14. Nxd5
Nxd5 15. Bg3 g5 16. h3 f4 17. exf4 gxf4 18. Bh2 Rg8 19. Kh1 h6 20. Rfe1 O-O-O
21. b4 a6 22. Bh7 Rg7 23. Be4 Bg5 24. Rc5 Rdg8 25. Rc2 Nf6 26. Bd3 Nd5 27. Rcc1
Bd8 28. Bf1 Bc7 29. Ne5 h5 30. Rc2 Bf5 31. Rcc1 Kb8 32. Rc4 f6 33. Nf3 Rd8 34.
Rcc1 a5 35. Nh4 Bh7 36. b5 Bd6 0-1

[Event "2MCR_3DE_2LA_3S"]
[Site "?"]
[Date "2007.??.??"]
[Round "?"]
[White "Kelbl, Jiri"]
[Black "Zednik, Martin"]
[Result "0-1"]
[WhiteElo "1656"]
[BlackElo "2076"]
[Annotator "033"]
[PlyCount "86"]
[EventDate "2007.??.??"]
[EventType "corr"]
[EventRounds "2"]
[SourceDate "2007.01.28"]

1. e4 e5 2. Nf3 Nf6 3. Nxe5 d6 4. Nf3 Nxe4 5. Qe2 Qe7 6. d3 Nf6 7. Bg5 Qxe2+ 8.
Bxe2 Be7 9. Nc3 c6 10. O-O-O Na6 11. Rhe1 Nc7 12. Ne4 Nxe4 13. dxe4 Bxg5+ 14.
Nxg5 Ke7 15. f4 Ne6 16. Nxe6 Bxe6 17. Bf3 f6 18. a3 a5 19. h3 g5 20. f5 Bf7 21.
g4 h5 22. Rh1 Rh6 23. b3 a4 24. b4 Rah8 25. Kb2 hxg4 26. hxg4 Rh4 27. Kc3 b5
28. Kd4 Rh2 29. Ke3 R8h4 30. Rxh2 Rxh2 31. Rd2 Rh3 32. Rd1 d5 33. Rh1 d4+ 34.
Kf2 Rxh1 35. Bxh1 c5 36. Ke2 cxb4 37. Kd2 bxa3 38. Kc1 b4 39. Bf3 d3 40. cxd3
a2 41. Kb2 a3+ 42. Ka1 b3 43. Bd1 b2# 0-1

[Event "2MCR_3DE_2LA_1S"]
[Site "?"]
[Date "2007.??.??"]
[Round "?"]
[White "Binas, Jindrich"]
[Black "Pauschek, Roman"]
[Result "1/2-1/2"]
[WhiteElo "2021"]
[BlackElo "2165"]
[Annotator "015"]
[PlyCount "61"]
[EventDate "2007.??.??"]
[EventType "corr"]
[EventRounds "2"]
[SourceDate "2007.01.28"]

1. e4 e5 2. Nf3 Nc6 3. Bb5 a6 4. Ba4 Nf6 5. O-O Be7 6. Re1 b5 7. Bb3 O-O 8. c3
d5 9. exd5 Nxd5 10. Nxe5 Nxe5 11. Rxe5 c6 12. d4 Bd6 13. Re1 Qh4 14. g3 Qh3 15.
Be3 Bg4 16. Qd3 Rae8 17. Nd2 Re6 18. a4 bxa4 19. Rxa4 f5 20. Qf1 Qh5 21. f4
Rfe8 22. Rxa6 Rxe3 23. Rxe3 Rxe3 24. Rxc6 Qe8 25. Bxd5+ Kf8 26. Ne4 fxe4 27.
Rxd6 Rd3 28. Bb3 Qb8 29. Qa1 Qxb3 30. Qa8+ Kf7 31. Qa7+ 1/2-1/2

[Event "2MCR_3DE_2LA_3S"]
[Site "?"]
[Date "2007.??.??"]
[Round "?"]
[White "Kelbl, Jiri"]
[Black "Tunega, Frantisek"]
[Result "0-1"]
[WhiteElo "1656"]
[BlackElo "1800"]
[Annotator "034"]
[PlyCount "52"]
[EventDate "2007.??.??"]
[EventType "corr"]
[EventRounds "2"]
[SourceDate "2007.01.28"]

1. e4 c5 2. Nc3 Nc6 3. g3 Nf6 4. Bg2 d6 5. Nge2 a6 6. d3 e6 7. a4 Be7 8. O-O
O-O 9. Be3 Qb6 10. b3 Bd7 11. f4 Ng4 12. Qd2 Nxe3 13. Qxe3 Bf6 14. Rac1 Rac8
15. Nd1 Nd4 16. Qf2 c4 17. Kh1 cxd3 18. cxd3 Rxc1 19. Nxc1 Rc8 20. Ne3 Nxb3 21.
Nxb3 Qxb3 22. e5 Bd8 23. Nc4 Qxd3 24. Nxd6 Rc2 25. Qa7 Rxg2 26. Kxg2 Bc6+ 0-1

[Event "2MCR_3DE_2LA_1S"]
[Site "?"]
[Date "2007.??.??"]
[Round "?"]
[White "Dedina, Miroslav"]
[Black "Korinek, Jaroslav"]
[Result "1-0"]
[WhiteElo "2165"]
[BlackElo "2000"]
[Annotator "016"]
[PlyCount "57"]
[EventDate "2007.??.??"]
[EventType "corr"]
[EventRounds "2"]
[SourceDate "2007.01.28"]

1. e4 c5 2. Nf3 d6 3. d4 cxd4 4. Nxd4 Nf6 5. Nc3 g6 6. Be3 Bg7 7. f3 O-O 8. Qd2
Nc6 9. O-O-O a6 10. g4 Nd7 11. h4 Nxd4 12. Bxd4 Bxd4 13. Qxd4 b5 14. h5 Bb7 15.
g5 Qb6 16. Qd2 Kg7 17. Nd5 Bxd5 18. exd5 Rg8 19. f4 Qc5 20. Rh3 Kf8 21. hxg6
hxg6 22. Qh2 Ke8 23. Rc3 Qa7 24. Re1 Rb8 25. f5 Kd8 26. f6 Ne5 27. Rxe5 dxe5
28. Qxe5 exf6 29. gxf6 1-0

[Event "2MCR_3DE_2LA_2S"]
[Site "?"]
[Date "2007.??.??"]
[Round "?"]
[White "Kyhos, Alois"]
[Black "Majstrova, Alzbeta"]
[Result "1-0"]
[WhiteElo "1951"]
[BlackElo "1800"]
[Annotator "033"]
[PlyCount "81"]
[EventDate "2007.??.??"]
[EventType "corr"]
[EventRounds "2"]
[SourceDate "2007.01.28"]

1. e4 e5 2. Nf3 Nf6 3. Nxe5 d6 4. Nf3 Nxe4 5. d4 d5 6. Bd3 Bd6 7. O-O O-O 8. c4
Bg4 9. cxd5 Nf6 10. Nc3 Nbd7 11. h3 Bh5 12. g4 Bg6 13. Bg5 Be7 14. Re1 Nb6 15.
Bxg6 hxg6 16. Qb3 a5 17. Re2 Re8 18. Rae1 a4 19. Qb5 Kf8 20. Ne5 Kg8 21. Nd3 a3
22. bxa3 Rxa3 23. d6 Rxc3 24. Rxe7 Rf8 25. Bxf6 gxf6 26. d7 Rxd3 27. Qxd3 Nxd7
28. Qc3 Ne5 29. Rxc7 Nf3+ 30. Qxf3 Qxc7 31. Qxf6 Qc3 32. Re7 Qxh3 33. Qf4 b6
34. d5 Qc3 35. d6 Qa1+ 36. Kg2 Qxa2 37. d7 Qd5+ 38. Kg3 Kg7 39. Qb4 Qa8 40.
Qd4+ Kg8 41. Qf6 1-0

[Event "2MCR_3DE_2LA_2S"]
[Site "?"]
[Date "2007.??.??"]
[Round "?"]
[White "Hlavacek, Ladislav"]
[Black "Majstrova, Alzbeta"]
[Result "1/2-1/2"]
[WhiteElo "2002"]
[BlackElo "1800"]
[Annotator "034"]
[PlyCount "85"]
[EventDate "2007.??.??"]
[EventType "corr"]
[EventRounds "2"]
[SourceDate "2007.01.28"]

1. c4 c5 2. Nf3 Nf6 3. Nc3 e6 4. g3 Nc6 5. Bg2 Qb6 6. O-O Be7 7. e3 O-O 8. d4
cxd4 9. exd4 d5 10. b3 Ne4 11. Nxe4 dxe4 12. Ne5 f5 13. Nxc6 bxc6 14. Be3 c5
15. dxc5 Bxc5 16. Bxc5 Qxc5 17. Qd2 Bb7 18. Rfd1 Qb6 19. Qd6 Rad8 20. Qxb6 axb6
21. a4 Kf7 22. Rdc1 Ra8 23. c5 bxc5 24. Rxc5 Bd5 25. b4 Rfb8 26. b5 Ke7 27. Bf1
Ra5 28. Be2 Kd6 29. Rcc1 Rb7 30. h4 Rc7 31. Bd1 g6 32. Kf1 h6 33. Ke1 g5 34.
Kd2 Rxc1 35. Rxc1 Ra8 36. b6 gxh4 37. gxh4 f4 38. h5 Bb7 39. Rc7 Bc6 40. Rh7
Ra6 41. Rxh6 Rxb6 42. Rh8 Rb2+ 43. Ke1 1/2-1/2

[Event "2MCR_3DE_2LA_2S"]
[Site "?"]
[Date "2007.??.??"]
[Round "?"]
[White "Majstrova, Alzbeta"]
[Black "Hlavacek, Ladislav"]
[Result "1/2-1/2"]
[WhiteElo "1800"]
[BlackElo "2002"]
[Annotator "035"]
[PlyCount "86"]
[EventDate "2007.??.??"]
[EventType "corr"]
[EventRounds "2"]
[SourceDate "2007.01.28"]

1. d4 Nf6 2. Nf3 d5 3. e3 e6 4. Bd3 Be7 5. O-O O-O 6. Nbd2 c5 7. dxc5 Bxc5 8.
e4 Nc6 9. e5 Ng4 10. Nb3 Be7 11. Re1 f6 12. exf6 Bxf6 13. h3 Nge5 14. Nxe5 Bxe5
15. c3 Qh4 16. Be3 Bd6 17. Qg4 Qxg4 18. hxg4 Ne5 19. Be2 b6 20. Rad1 Bc7 21.
Nd4 Bd7 22. Nb5 Bb8 23. f4 Nc6 24. Bf3 Nd8 25. Nd4 Bxf4 26. Bxf4 Rxf4 27. c4
Nf7 28. Nxe6 Bxe6 29. Rxe6 Ng5 30. Bxd5 Nxe6 31. Bxa8 Nd4 32. Re1 Rxg4 33. Bd5+
Kf8 34. Rf1+ Ke8 35. Rf7 Ne2+ 36. Kf2 Rf4+ 37. Rxf4 Nxf4 38. Be4 g6 39. Ke3 Ne6
40. b4 Ke7 41. Bb7 Kd6 42. Ke4 Ng5+ 43. Kd3 Ne6 1/2-1/2

[Event "2MCR_3DE_2LA_1S"]
[Site "?"]
[Date "2007.??.??"]
[Round "?"]
[White "Binas, Jindrich"]
[Black "Bubenicek, Miloslav"]
[Result "1-0"]
[WhiteElo "2021"]
[BlackElo "1805"]
[Annotator "017"]
[PlyCount "57"]
[EventDate "2007.??.??"]
[EventType "corr"]
[EventRounds "2"]
[SourceDate "2007.01.28"]

1. e4 d6 2. d4 Nf6 3. Nc3 g6 4. Nf3 Bg7 5. Be2 O-O 6. O-O Bg4 7. Be3 Nc6 8. Qd2
e5 9. dxe5 dxe5 10. Rad1 Qc8 11. Qc1 Rd8 12. Rxd8+ Qxd8 13. Rd1 Qf8 14. h3 Bxf3
15. Bxf3 Rd8 16. Nb5 a5 17. Nxc7 Rxd1+ 18. Qxd1 Qb4 19. b3 Nxe4 20. Ne8 Nc3 21.
Qd7 e4 22. Nd6 Ne5 23. Qc8+ Bf8 24. Bc5 Nxf3+ 25. gxf3 Ne2+ 26. Kf1 Qd2 27.
Qxf8+ Kxf8 28. Nxe4+ Ke8 29. Nxd2 1-0

[Event "2MCR_3DE_2LA_1S"]
[Site "?"]
[Date "2007.??.??"]
[Round "?"]
[White "Bubenicek, Miloslav"]
[Black "Binas, Jindrich"]
[Result "0-1"]
[WhiteElo "1805"]
[BlackElo "2021"]
[Annotator "018"]
[PlyCount "56"]
[EventDate "2007.??.??"]
[EventType "corr"]
[EventRounds "2"]
[SourceDate "2007.01.28"]

1. e4 c5 2. Nf3 d6 3. Bb5+ Bd7 4. Bxd7+ Qxd7 5. O-O Nc6 6. c3 Nf6 7. Qe2 e6 8.
d4 cxd4 9. cxd4 d5 10. e5 Ne4 11. Be3 Be7 12. Ne1 f6 13. f3 Ng5 14. Bxg5 fxg5
15. Nc2 O-O 16. Nc3 Qc7 17. Rac1 Qb6 18. Qb5 Bd8 19. Qxb6 Bxb6 20. Rfe1 Nxd4
21. Nxd4 Bxd4+ 22. Kf1 Rac8 23. Nb5 Rxc1 24. Rxc1 Bxb2 25. Rb1 Bxe5 26. Nxa7
Rf7 27. Re1 Bxh2 28. Rxe6 Rd7 0-1

[Event "2MCR_3DE_2LA_3S"]
[Site "?"]
[Date "2007.??.??"]
[Round "?"]
[White "Tunega, Frantisek"]
[Black "Kelbl, Jiri"]
[Result "1-0"]
[WhiteElo "1800"]
[BlackElo "1656"]
[Annotator "035"]
[PlyCount "75"]
[EventDate "2007.??.??"]
[EventType "corr"]
[EventRounds "2"]
[SourceDate "2007.01.28"]

1. e4 e5 2. Nf3 Nc6 3. c3 Nf6 4. d4 Nxe4 5. d5 Nb8 6. Nxe5 Qe7 7. Qd4 Nd6 8.
Kd1 Nf5 9. Qf4 d6 10. Nf3 g6 11. Bb5+ Bd7 12. Re1 Qxe1+ 13. Kxe1 Bxb5 14. c4
Bd7 15. Qe4+ Ne7 16. Bg5 Bf5 17. Qe3 Nd7 18. Nd4 Bxb1 19. Rxb1 h6 20. Bxe7 Bxe7
21. Kf1 Kd8 22. Re1 Bf6 23. f4 Nb6 24. b3 Kd7 25. Nb5 Rae8 26. Qh3+ Kd8 27.
Rxe8+ Rxe8 28. Nxa7 h5 29. Nb5 Nd7 30. Qd3 Nc5 31. Qd1 Ne4 32. b4 Nc3 33. Nxc3
Bxc3 34. Qb3 Bd4 35. Qd3 Bf6 36. c5 Kc8 37. c6 b6 38. Qh3+ 1-0

[Event "2MCR_3DE_2LA_3S"]
[Site "?"]
[Date "2007.??.??"]
[Round "?"]
[White "Tunega, Frantisek"]
[Black "Cakl, Miloslav"]
[Result "1/2-1/2"]
[WhiteElo "1800"]
[BlackElo "2024"]
[Annotator "036"]
[PlyCount "55"]
[EventDate "2007.??.??"]
[EventType "corr"]
[EventRounds "2"]
[SourceDate "2007.01.28"]

1. e4 e5 2. Nf3 Nf6 3. d4 Nxe4 4. Bd3 d5 5. Nxe5 Nd7 6. Nxd7 Bxd7 7. O-O Qh4 8.
c4 O-O-O 9. Nc3 Nf6 10. c5 Re8 11. g3 Qh3 12. Qc2 g6 13. f3 Bg7 14. Rd1 h5 15.
Bf1 Qf5 16. Qxf5 Bxf5 17. Bf4 c6 18. Be5 Re6 19. Bd3 Bxd3 20. Rxd3 Rhe8 21. Kf2
h4 22. b4 Nh5 23. Bxg7 Nxg7 24. a4 Rh8 25. g4 Rhe8 26. b5 f5 27. a5 fxg4 28. a6
1/2-1/2

[Event "2MCR_3DE_2LA_1S"]
[Site "?"]
[Date "2007.??.??"]
[Round "?"]
[White "Bubenicek, Miloslav"]
[Black "Brichacek, Milan"]
[Result "0-1"]
[WhiteElo "1805"]
[BlackElo "2215"]
[Annotator "019"]
[PlyCount "26"]
[EventDate "2007.??.??"]
[EventType "corr"]
[EventRounds "2"]
[SourceDate "2007.01.28"]

1. e4 c5 2. Nf3 d6 3. Bb5+ Bd7 4. Bxd7+ Qxd7 5. O-O e5 6. Nc3 Be7 7. d3 Nc6 8.
Nd5 Nf6 9. Nxf6+ Bxf6 10. c3 O-O 11. Bg5 Bxg5 12. Nxg5 d5 13. exd5 Qxd5 0-1

[Event "2MCR_3DE_2LA_3S"]
[Site "?"]
[Date "2007.??.??"]
[Round "?"]
[White "Zednik, Martin"]
[Black "Cakl, Miloslav"]
[Result "1-0"]
[WhiteElo "2076"]
[BlackElo "2024"]
[Annotator "037"]
[PlyCount "55"]
[EventDate "2007.??.??"]
[EventType "corr"]
[EventRounds "2"]
[SourceDate "2007.01.28"]

1. e4 c5 2. Nf3 d6 3. d4 cxd4 4. Nxd4 Nf6 5. Nc3 a6 6. Be3 Nc6 7. f3 e5 8. Nb3
d5 9. Nxd5 Nxd5 10. Qxd5 Qxd5 11. exd5 Nb4 12. O-O-O Nxa2+ 13. Kb1 Nb4 14. g4
h5 15. c3 hxg4 16. cxb4 gxf3 17. d6 Bd7 18. Nc5 O-O-O 19. Nxd7 Rxd7 20. b5 a5
21. Bc4 Bxd6 22. b6 a4 23. Rhf1 Bb4 24. Rxd7 Kxd7 25. Bd5 Rxh2 26. Bxb7 Bd6 27.
Bxf3 f5 28. b7 1-0

[Event "2MCR_3DE_2LA_1S"]
[Site "?"]
[Date "2007.??.??"]
[Round "?"]
[White "Makovsky, Petr"]
[Black "Bubenicek, Miloslav"]
[Result "1-0"]
[WhiteElo "2317"]
[BlackElo "1805"]
[Annotator "020"]
[PlyCount "61"]
[EventDate "2007.??.??"]
[EventType "corr"]
[EventRounds "2"]
[SourceDate "2007.01.28"]

1. e4 d6 2. d4 Nf6 3. Nc3 g6 4. Nf3 Bg7 5. Be2 O-O 6. O-O Bg4 7. Be3 c6 8. h3
Bxf3 9. Bxf3 Nbd7 10. a4 e5 11. d5 c5 12. Qe2 a6 13. a5 Rc8 14. Qd2 Qe7 15. Bg5
Qe8 16. Be2 Kh8 17. Ra4 Ng8 18. b4 f6 19. Be3 f5 20. exf5 Rxf5 21. Ne4 Bf8 22.
bxc5 Nxc5 23. Nxc5 dxc5 24. Rc4 Rf7 25. Bg4 Rd8 26. Bg5 Rb8 27. d6 Nf6 28. Rd1
Nxg4 29. d7 Rxd7 30. Qxd7 Nh6 31. Bxh6 1-0

[Event "2MCR_3DE_2LA_1S"]
[Site "?"]
[Date "2007.??.??"]
[Round "?"]
[White "Bubenicek, Miloslav"]
[Black "Makovsky, Petr"]
[Result "0-1"]
[WhiteElo "1805"]
[BlackElo "2317"]
[Annotator "021"]
[PlyCount "58"]
[EventDate "2007.??.??"]
[EventType "corr"]
[EventRounds "2"]
[SourceDate "2007.01.28"]

1. e4 c5 2. Nf3 d6 3. Bb5+ Bd7 4. Bxd7+ Qxd7 5. O-O Nc6 6. c3 Nf6 7. d3 g6 8.
Bg5 Bg7 9. Nbd2 O-O 10. Qe2 b5 11. Rad1 Nh5 12. Nb3 e5 13. d4 exd4 14. Qxb5 a5
15. cxd4 Rfb8 16. Qa4 Rb4 17. Qa3 Na7 18. Nc1 Nb5 19. Qe3 Nxd4 20. Ne1 Rxb2 21.
Ned3 Rc2 22. Ne1 Rc4 23. Nf3 h6 24. Nd2 Rxc1 25. Rxc1 hxg5 26. Rfe1 Be5 27. g3
Qh3 28. Qxg5 Kg7 29. Re3 Nxg3 0-1

[Event "2MCR_3DE_2LA_1S"]
[Site "?"]
[Date "2007.??.??"]
[Round "?"]
[White "Pauschek, Roman"]
[Black "Binas, Jindrich"]
[Result "1/2-1/2"]
[WhiteElo "2165"]
[BlackElo "2021"]
[Annotator "022"]
[PlyCount "60"]
[EventDate "2007.??.??"]
[EventType "corr"]
[EventRounds "2"]
[SourceDate "2007.01.28"]

1. d4 Nf6 2. c4 e6 3. Nc3 Bb4 4. Qc2 O-O 5. a3 Bxc3+ 6. Qxc3 b6 7. Bg5 Bb7 8.
e3 d6 9. f3 Nbd7 10. Bd3 c5 11. Ne2 Rc8 12. Qd2 Qe7 13. O-O Rfe8 14. Nc3 h6 15.
Bh4 g5 16. Bf2 Ba6 17. b3 d5 18. Nb5 Bxb5 19. cxb5 Nh5 20. Rfc1 cxd4 21. exd4
Rxc1+ 22. Qxc1 e5 23. Qc6 e4 24. fxe4 Nf4 25. Bf1 dxe4 26. Re1 Nf6 27. Bc4 Rd8
28. a4 Rd6 29. Qc8+ Rd8 30. Qc6 Rd6 1/2-1/2

[Event "2MCR_3DE_2LA_2S"]
[Site "?"]
[Date "2007.??.??"]
[Round "?"]
[White "Nosek, Jaroslav"]
[Black "Vacek, Frantisek"]
[Result "1-0"]
[WhiteElo "2249"]
[BlackElo "1800"]
[Annotator "036"]
[PlyCount "49"]
[EventDate "2007.??.??"]
[EventType "corr"]
[EventRounds "2"]
[SourceDate "2007.01.28"]

1. d4 d5 2. c4 c6 3. Nf3 Nf6 4. Nc3 Bf5 5. cxd5 cxd5 6. Qb3 Qb6 7. Nxd5 Nxd5 8.
Qxd5 e6 9. Qc4 Be7 10. e3 Nd7 11. Be2 Be4 12. O-O O-O 13. Qb5 Qd8 14. Bd2 a6
15. Qb3 Nf6 16. Bb4 Rc8 17. Rfc1 Bd5 18. Qa3 Bxb4 19. Qxb4 Be4 20. Ne5 Nd5 21.
Qxb7 Nc3 22. Qxa6 Nd1 23. Rxc8 Qxc8 24. Qxc8 Rxc8 25. Bxd1 1-0